Statistics for The HooverML Quiz

Click here to take the quiz!

General Stats

  • This quiz has been taken 6 times
  • The average score is 7 of 8

Answer Stats

QuestionAnswer% Correct
What Game Does Hoover Play At All TimesFortnite
100%
What Team Is Hoover Grinding ForNorCal
100%
What Team Is Hoover InNorCal Rising
100%
Does Hoover Play Minecraft On StreamSometimes
100%
Does Hoover Hate RobloxYES
100%
What Is Hoovers PetFosh
75%
Who Greefed Hoover In March 2021Naruto
75%
Hoovers Real Name As Husky SaidJohnathan
50%

Score Distribution

Percentile by Number Answered

Percent of People with Each Score

Your Score History

You have not taken this quiz